005120000a220009700045001000032000002450035000323000048000675000104001155200179002197730016003981 aAlberto, Baliesima Kadukima10aRestauración de la esperanza aVol.0, núm.66 (Mayo, 2006), Páginas 4-5 aCoordinadora del Programa de Salud, VIH y SIDA de la Iglesia Anglicana del Congo (PEAC), Beni, RDC. aLa violencia basada en el género (VBG) es violencia, sexual o de otro tipo, que se debe a las desigualdades de género. Se reconoce como un abuso de los derechos humanos.0 tPaso a Paso